000
00355nam a2200133Ia 4500
008
231129s2002||||xx |||||||||||||| ||spa||
020
_a
84-8055-146-1(v.1).
040
_b
spa
082
_a
R 537.5 G943
245
0
_a
Guia practica de electricidad y electronica
260
_c
2002
264
_a
Cultural
942
_2
ddc
_c
BKS
999
_c
14804
_d
14804